000 00659nam a2200217 u 4500
005 20240228063933.0
008 080602s2007 mx r 000 0 spa d
020 _a9700718479 (10 dígitos)
020 _a9789709718478 (13 dígitos)
035 _aUPN01000156562
049 _aI
050 4 _aPZ78
_bC6.3
100 1 _aCottin, Menena
_932663
245 1 3 _aLa gran pelea /
_cMenena Cottin, Rosana Faría.
260 _aMéxico :
_bTecolote,
_c2007.
300 _a[20] p. :
_bil. col.
650 4 _aLibros y lectura para niños
_92290
650 4 _aFUTBOL (SOCCER) -
_vLITERATURA INFANTIL
_912082
700 1 _aFaría, Rosana,
_ecoaut.
905 _aInfantil
999 _c128676
_d128676